000
00336pab a2200145 454500
008
180718b1995 xxu||||| |||| 00| 0 eng d
100
_a
Selvam, S.
245
_a
Social reforms
_b
the relevance of Periyar.
260
_c
1995
300
_a
p.8
362
_a
28 Nov
650
_a
Social problems
773
_a
Statesman
909
_a
30490
999
_c
30490
_d
30490